[Event "AUTO-ADV-1379"]
[Site "http://www.queenalice.com/game.php?id=610157"]
[Date "2009.6.28"]
[Round "1"]
[White "UCSDRunner"]
[Black "Artking"]
[Result "0-1"]
[WhiteElo "1643"]
[BlackElo "1886"]

1. e4 d5 2. d3 d4 3. c4 c5 4. Bf4 Nc6 5. a3 e5 6. Bd2 f5 7. g3 Nf6 8. Bg5 Be7 9.
Nf3 fxe4 10. dxe4 Nxe4 11. Bxe7 Qxe7 12. Bd3 Nxf2 13. Kxf2 e4 14. Re1 e3+ 15.
Kg2 O-O 16. b4 Bg4 17. Be2 Qe4 18. Rf1 Ne5 19. h3 Nxf3 20. hxg4 Nh4+ 21. Kh3
Qg2+ 22. Kxh4 Qh2+ 0-1

[Event "AUTO-ADV-1379"]
[Site "http://www.queenalice.com/game.php?id=610170"]
[Date "2009.6.28"]
[Round "1"]
[White "UCSDRunner"]
[Black "Nille"]
[Result "1-0"]
[WhiteElo "1575"]
[BlackElo "1760"]

1. e4 e5 2. c4 Nf6 3. d3 h6 4. Nc3 Be7 5. g3 d6 6. Bg2 O-O 7. Nf3 Nc6 8. Be3 a6
9. O-O Nh7 10. Nd5 f5 11. b4 fxe4 12. dxe4 Nf6 13. b5 Na5 14. bxa6 Nxc4 15.
Nxf6+ Bxf6 16. Qd5+ Kh8 17. axb7 Bxb7 18. Qxb7 Nxe3 19. fxe3 Qd7 20. Nh4 Bxh4
21. Rxf8+ Rxf8 22. gxh4 Rf7 23. Rf1 Rxf1+ 24. Bxf1 Qg4+ 25. Kh1 Qxh4 26. Qb1 Qf2
27. a4 Qf3+ 28. Bg2 Qxe3 29. a5 Qa7 30. Qb5 Kh7 31. a6 Kg6 32. Qb7 Qc5 33. Bf1
Qf2 34. Bb5 Qf3+ 35. Kg1 Qd1+ 36. Kg2 Qd2+ 37. Kg3 Qe1+ 38. Kf3 Qc3+ 39. Ke2
Qb2+ 40. Kd3 Qa3+ 41. Kc4 Qc5+ 42. Kb3 Qe3+ 43. Kb4 Qc5+ 44. Ka5 Qc3+ 45. Ka4
Qd4+ 46. Kb3 Qd1+ 47. Kb4 Qd4+ 48. Bc4 Qc5+ 49. Kb3 Qe3+ 50. Ka4 Qd4 51. Qxc7
Qa1+ 52. Kb5 Qb1+ 53. Kc6 Qxe4+ 54. Kxd6 Qf4 55. a7 e4+ 56. Kc6 Qf6+ 57. Kb7
Qb2+ 58. Qb6+ 1-0

[Event "AUTO-ADV-1379"]
[Site "http://www.queenalice.com/game.php?id=610171"]
[Date "2009.6.28"]
[Round "1"]
[White "Nille"]
[Black "UCSDRunner"]
[Result "1-0"]
[WhiteElo "1828"]
[BlackElo "1652"]

1. e4 e5 2. Nf3 Nc6 3. Bc4 d6 4. d3 h6 5. h3 Be6 6. Bxe6 fxe6 7. Nc3 d5 8. exd5
exd5 9. O-O Nf6 10. Re1 d4 11. Ne4 Nxe4 12. Rxe4 Qf6 13. Qe2 Bd6 14. Nxd4 Nxd4
15. Rxd4 O-O-O 16. Re4 Rhf8 17. Be3 b6 18. d4 g5 19. Re1 Kd7 20. dxe5 Bxe5 21.
Qb5+ Ke6 22. Bd4 Rxd4 23. Rxe5+ Kf7 24. Rf5 a6 25. Rxf6+ Kxf6 26. Qe5+ 1-0

[Event "AUTO-ADV-1379"]
[Site "http://www.queenalice.com/game.php?id=610172"]
[Date "2009.6.28"]
[Round "1"]
[White "UCSDRunner"]
[Black "pgierech"]
[Result "0-1"]
[WhiteElo "1577"]
[BlackElo "1989"]

1. e4 e5 2. c4 Nf6 3. d3 Bc5 4. Bg5 Nc6 5. Nf3 O-O 6. Nc3 d6 7. a3 Bg4 8. Be2 h6
9. Bxf6 Qxf6 10. Nd5 Qd8 11. O-O f5 12. h3 Bh5 13. b4 Bxf3 14. Bxf3 Bd4 15. Rc1
Bb2 16. Rb1 Bd4 17. b5 Ne7 18. Nxe7+ Qxe7 19. a4 b6 20. exf5 Rad8 21. Bd5+ Kh8
22. g4 Qh4 23. Qf3 Qg5 24. Kh1 Qd2 25. h4 Rf6 26. Rbd1 Qf4 27. Qxf4 exf4 28.
Rde1 Rff8 29. Re7 Rde8 30. Rxc7 Re2 31. f3 Rd2 32. Rxa7 Re8 33. a5 bxa5 34. b6
Bxb6 35. Ra6 Kh7 36. Rxb6 Ree2 0-1

[Event "AUTO-ADV-1379"]
[Site "http://www.queenalice.com/game.php?id=610173"]
[Date "2009.6.28"]
[Round "1"]
[White "pgierech"]
[Black "UCSDRunner"]
[Result "1-0"]
[WhiteElo "1979"]
[BlackElo "1579"]

1. e4 e5 2. f4 exf4 3. Nf3 d6 4. d4 Bg4 5. Bc4 Nf6 6. O-O Nxe4 7. Bxf4 g5 8. Qe2
d5 9. Bd3 f5 10. Bg3 c5 11. c3 Nc6 12. Nbd2 Qe7 13. Rae1 O-O-O 14. Bb5 Na5 15.
Qd1 a6 16. Bd3 f4 17. Nxe4 dxe4 18. Bxe4 Qc7 19. Bf2 Re8 20. Bxb7+ Kxb7 21. Rxe8
Bg7 22. Rxh8 Bxh8 23. dxc5 Nc4 24. Qd5+ Qc6 25. Qxc4 Bxf3 26. gxf3 Qxf3 27. c6+
Qxc6 28. Qxc6+ Kxc6 29. Rd1 Kb5 30. Rd5+ Kc4 31. Rxg5 f3 32. Rf5 1-0

[Event "AUTO-INT-1232"]
[Site "http://www.queenalice.com/game.php?id=629270"]
[Date "2009.8.2"]
[Round "2"]
[White "Jomaley"]
[Black "UCSDRunner"]
[Result "0-1"]
[WhiteElo "1427"]
[BlackElo "1640"]

1. e4 e5 2. Nf3 Nc6 3. c3 g5 4. g4 f6 5. h4 Bh6 6. hxg5 Bxg5 7. b4 a6 8. Nxg5
fxg5 9. Rh5 h6 10. Na3 Nf6 11. Rh3 Nxe4 12. Qe2 Nf6 13. Nc4 d6 14. a4 Bxg4 15.
Qe3 Bxh3 16. Bxh3 O-O 17. Be6+ Kg7 18. d4 exd4 19. cxd4 Nxb4 20. Qb3 Nbd5 21.
Bxd5 Nxd5 22. Qxb7 Nc3 0-1

[Event "AUTO-INT-1232"]
[Site "http://www.queenalice.com/game.php?id=629271"]
[Date "2009.8.2"]
[Round "2"]
[White "UCSDRunner"]
[Black "Jomaley"]
[Result "1-0"]
[WhiteElo "1632"]
[BlackElo "1435"]

1. e4 e5 2. c4 c5 3. d3 Nc6 4. Nf3 f6 5. a3 g5 6. g4 Nh6 7. h3 Qa5+ 8. Nc3 Nd4
9. Bd2 Nxf3+ 10. Qxf3 Be7 11. Nd5 Qa4 12. Nc7+ Kf8 13. Nxa8 Bd6 14. Qxf6+ Nf7
15. Bxg5 Be7 16. Qxe7+ Kg8 17. Nc7 Qa5+ 18. Ke2 Qxc7 19. Bf6 Qd8 20. Qxd8+ Nxd8
21. Bxd8 h6 22. Bf6 d6 23. Bxh8 1-0

[Event "AUTO-INT-1232"]
[Site "http://www.queenalice.com/game.php?id=629276"]
[Date "2009.8.2"]
[Round "2"]
[White "UCSDRunner"]
[Black "dorszu"]
[Result "1-0"]
[WhiteElo "1615"]
[BlackElo "1648"]

1. e4 e6 2. c4 Nc6 3. d3 Bb4+ 4. Bd2 Bxd2+ 5. Nxd2 Nf6 6. Ngf3 O-O 7. e5 Nh5 8.
d4 b6 9. Be2 Nf4 10. Ne4 Nxg2+ 11. Kf1 Nf4 12. d5 Nxe2 13. dxc6 Nf4 14. Qd2 Ng6
15. Rd1 Ba6 16. b3 dxc6 17. Ke2 b5 18. c5 b4+ 19. Ke3 Qxd2+ 20. Rxd2 f5 21. Neg5
Rfe8 22. h4 Rad8 23. Rd4 Rxd4 24. Nxd4 Nxe5 25. Ngxe6 Ng4+ 26. Kf3 Ne5+ 27. Kf4
Nd7 28. Rg1 g6 29. f3 Kf7 30. Nxc7 Re7 31. Nxa6 Kf6 32. Nxb4 Ne5 33. Ndxc6 Nxc6
34. Nxc6 Rc7 35. Ne5 Rxc5 36. Nd7+ 1-0

[Event "AUTO-INT-1232"]
[Site "http://www.queenalice.com/game.php?id=629277"]
[Date "2009.8.2"]
[Round "2"]
[White "dorszu"]
[Black "UCSDRunner"]
[Result "0-1"]
[WhiteElo "1628"]
[BlackElo "1598"]

1. d4 d5 2. c4 dxc4 3. Nc3 e6 4. e4 Bb4 5. Bxc4 Bxc3+ 6. bxc3 Nf6 7. Ba3 c6 8.
Nf3 Nxe4 9. Qc2 f5 10. O-O b5 11. Bb3 Ba6 12. Rfe1 Qf6 13. h3 Nd7 14. Nd2 O-O-O
15. Nxe4 fxe4 16. Qxe4 Bb7 17. Qxe6 Qxe6 18. Bxe6 Kc7 19. Bb4 Kb6 20. Bxd7 Rxd7
21. Re6 a5 22. Bc5+ Kc7 23. g4 g5 24. Rae1 Bc8 25. R6e5 h6 26. Kg2 Rdh7 27. Kf3
Bd7 28. Re7 h5 29. gxh5 Rxh5 30. Rg7 Rxh3+ 31. Ke4 Re8+ 0-1

[Event "AUTO-INT-1307"]
[Site "http://www.queenalice.com/game.php?id=687092"]
[Date "2009.11.22"]
[Round "2"]
[White "rogervolei"]
[Black "UCSDRunner"]
[Result "1-0"]
[WhiteElo "1798"]
[BlackElo "1810"]

1. e3 e5 2. a3 c5 3. c3 d6 4. h3 Nc6 5. Qf3 Nf6 6. Bb5 a6 7. Bxc6+ bxc6 8. Qxc6+
Bd7 9. Qf3 Bc6 10. Qxc6+ Nd7 11. g4 Rc8 12. Qxa6 Be7 13. Qe2 O-O 14. e4 Nb6 15.
d3 d5 16. Nd2 d4 17. c4 Rb8 18. a4 Qd7 19. b3 g6 20. Ndf3 f5 21. Nxe5 Qe6 22. f4
Bh4+ 23. Kd2 fxe4 24. Qxe4 Bg3 25. Ne2 Bh4 26. Ba3 Nd7 27. Nxd7 Qxd7 28. Bxc5
Rfe8 29. Qxd4 Qxd4 30. Nxd4 Bg3 31. Rhf1 h6 32. b4 g5 33. Ne2 gxf4 34. Nxg3 fxg3
35. Rf6 Kg7 36. Rf3 g2 37. Rg1 Kg6 38. Rxg2 Kg5 39. a5 Rec8 40. Be7+ Kg6 41.
Rf6+ Kh7 42. b5 Re8 43. Bd6 Rg8 44. Bxb8 Rxb8 45. Re2 1-0

[Event "AUTO-INT-1307"]
[Site "http://www.queenalice.com/game.php?id=687093"]
[Date "2009.11.22"]
[Round "2"]
[White "UCSDRunner"]
[Black "rogervolei"]
[Result "1-0"]
[WhiteElo "1793"]
[BlackElo "1815"]

1. e4 e6 2. c4 Qh4 3. Nf3 Qxe4+ 4. Be2 b6 5. d3 Qc6 6. O-O g6 7. Nc3 f6 8. d4 g5
9. d5 Qd6 10. Nd4 Bb7 11. f4 h6 12. f5 e5 13. Ne4 Qe7 14. Nb5 Kd8 15. d6 cxd6
16. Nexd6 Bc6 17. Bf3 a6 18. Bxc6 Nxc6 19. Nb7+ Kc8 20. N5d6+ Kc7 21. b3 Rb8 22.
Ba3 Qh7 23. c5 Rxb7 24. Nxb7 Kxb7 25. b4 b5 26. Qd5 h5 27. Rad1 Kc7 28. Bb2 Nxb4
29. Qd2 Bxc5+ 30. Kh1 Nh6 31. Rc1 Kb6 32. Ba3 Nxf5 33. Rxc5 Kxc5 34. Qxb4+ Kb6
35. Qc5+ Ka5 36. Bb4+ Ka4 37. a3 Nd4 38. Bc3 Nc6 39. h3 Qe7 40. Qe3 d5 41. Bb4
Nxb4 42. axb4 Re8 43. Rb1 a5 44. Qb3# 1-0

[Event "AUTO-INT-1307"]
[Site "http://www.queenalice.com/game.php?id=687096"]
[Date "2009.11.22"]
[Round "2"]
[White "UCSDRunner"]
[Black "chess2009"]
[Result "1-0"]
[WhiteElo "1754"]
[BlackElo "1495"]

1. e4 e5 2. c4 Nf6 3. d3 Be7 4. Nc3 O-O 5. Bg5 Nc6 6. Nf3 h6 7. Bxf6 Bxf6 8. g3
Be7 9. a3 Nd4 10. Bg2 Nxf3+ 11. Bxf3 c6 12. O-O b6 13. b4 a6 14. b5 axb5 15.
cxb5 Qc7 16. Rc1 Bb7 17. a4 cxb5 18. Nxb5 Qb8 19. d4 Rc8 20. dxe5 Rd8 21. Qb3
Bc6 22. Nd6 Bxd6 23. exd6 Ra6 24. Bh5 Rf8 25. e5 Ba8 26. Rc7 Qxc7 27. dxc7 g6
28. Bxg6 b5 29. Qxb5 Rxg6 30. Qxd7 Rc6 31. Qd8 Rxd8 32. cxd8=Q+ Kg7 33. Qxa8 Re6
34. Qd5 h5 35. Rc1 h4 36. Qxe6 fxe6 37. a5 Kf7 38. a6 hxg3 39. hxg3 Kg6 40. a7
Kf5 41. a8=Q Kxe5 42. Qa5+ Kf6 43. Qd8+ Ke5 44. Re1+ Kf5 45. Qf8+ Kg5 46. Rxe6
Kg4 47. Rg6+ Kh5 48. Qh6# 1-0

[Event "AUTO-INT-1307"]
[Site "http://www.queenalice.com/game.php?id=687097"]
[Date "2009.11.22"]
[Round "2"]
[White "chess2009"]
[Black "UCSDRunner"]
[Result "0-1"]
[WhiteElo "1611"]
[BlackElo "1690"]

1. e4 e5 2. Qh5 Nf6 3. Qf3 c5 4. h3 d6 5. g4 g5 6. d3 Nc6 7. c3 Be6 8. Bxg5 Bg7
9. Ne2 c4 10. Na3 cxd3 11. Qxd3 h6 12. Bxf6 Bxf6 13. Rb1 Qa5 14. Qxd6 Be7 15.
Qd2 Qb6 16. Qc1 Bg5 17. f4 Bh4+ 18. Kd1 Rd8+ 19. Kc2 Bxa2 20. Ra1 Qb3# 0-1

[Event "AUTO-INT-1270"]
[Site "http://www.queenalice.com/game.php?id=696867"]
[Date "2009.12.12"]
[Round "2"]
[White "UCSDRunner"]
[Black "yclaudiu35"]
[Result "1-0"]
[WhiteElo "1703"]
[BlackElo "1886"]

1. e4 e5 2. c4 Qf6 3. Nc3 Bc5 4. Nf3 c6 5. d3 h6 6. Be3 Bxe3 7. fxe3 d6 8. d4
Bg4 9. Be2 Nd7 10. O-O Qg6 11. d5 Bh3 12. Rf2 Ngf6 13. dxc6 bxc6 14. Qxd6 c5 15.
Nxe5 Be6 16. Nxg6 1-0

[Event "AUTO-INT-1270"]
[Site "http://www.queenalice.com/game.php?id=696868"]
[Date "2009.12.12"]
[Round "2"]
[White "yclaudiu35"]
[Black "UCSDRunner"]
[Result "0-1"]
[WhiteElo "1768"]
[BlackElo "1737"]

1. e4 e5 2. Nf3 d6 3. Bc4 Bg4 4. h3 Bxf3 5. Qxf3 Qf6 6. Qb3 b6 7. Nc3 c6 8. O-O
b5 9. Bxb5 cxb5 10. Qd5 Ne7 11. Qxa8 Nc6 12. Nxb5 Qd8 13. Qb7 Qd7 14. Qxd7+ Nxd7
15. d3 Nc5 16. Be3 Ne6 17. Nxa7 Ncd8 18. b4 Be7 19. c4 O-O 20. a4 Nb7 21. a5 Ra8
0-1